[Event "SR 2. liga A 2009/2010"]
[Site "?"]
[Date "2009.11.07"]
[Round "3.8"]
[White "Takacs, Laszlo"]
[Black "Curidlo, Jan"]
[Result "1-0"]
[WhiteElo "1838"]
[BlackElo "1938"]
[PlyCount "89"]
[EventDate "2009.??.??"]
[WhiteTeam "Slovakia"]
[BlackTeam "II"]
[WhiteTeamCountry "SVK"]
[BlackTeamCountry "SVK"]

1. e4 c5 2. Nf3 Nc6 3. d4 cxd4 4. Nxd4 Nf6 5. Nc3 a6 6. Be3 e6 7. Be2 Be7 8.
O-O O-O 9. Kh1 Qc7 10. f4 d6 11. Qe1 Nxd4 12. Bxd4 e5 13. Be3 b5 14. a3 exf4
15. Bxf4 Be6 16. Qg3 Kh8 17. Rad1 Rad8 18. Bf3 Qc5 19. Rfe1 Rg8 20. Rd2 Rd7 21.
Be3 Qc7 22. Red1 Rgd8 23. Ne2 Re8 24. Bf4 Red8 25. Nd4 Qc5 26. Nxe6 fxe6 27.
Qh3 e5 28. Bg5 Qc4 29. Bxf6 gxf6 30. Bg4 Rc7 31. Be6 Qxe4 32. Bf5 Qxf5 33. Qxf5
Rg8 34. c3 Rg5 35. Qe4 f5 36. Qa8+ Kg7 37. Qxa6 Rc4 38. Qxb5 Rcg4 39. Qd7 Kf8
40. Rf1 f4 41. a4 e4 42. Re2 d5 43. a5 Rg7 44. a6 Bh4 45. Qxg4 1-0

[Event "SR 2. liga A 2009/2010"]
[Site "?"]
[Date "2009.11.08"]
[Round "4.1"]
[White "Federic, Jozef"]
[Black "Abel, Peter"]
[Result "1/2-1/2"]
[WhiteElo "2262"]
[BlackElo "2191"]
[PlyCount "104"]
[EventDate "2009.??.??"]
[WhiteTeam "Slovakia"]
[BlackTeam "II"]
[WhiteTeamCountry "SVK"]
[BlackTeamCountry "SVK"]

1. d4 Nf6 2. c4 c5 3. d5 e5 4. Nc3 d6 5. e4 Be7 6. Bd3 O-O 7. Nge2 Nh5 8. Ng3
Nf4 9. O-O Bg5 10. Be2 g6 11. Bg4 f5 12. Bf3 Nd7 13. b3 Nf6 14. Bb2 Bd7 15. Qc2
Ne8 16. a3 Ng7 17. Rfe1 h5 18. exf5 gxf5 19. Kh1 h4 20. Nge2 Ng6 21. Ng1 e4 22.
Be2 Ne5 23. Nd1 Qf6 24. Bf1 Rae8 25. f3 Qg6 26. Bxe5 Rxe5 27. Nh3 Bf6 28. Nc3
exf3 29. gxf3 Rfe8 30. Qd2 Rxe1 31. Rxe1 Rxe1 32. Qxe1 Qh6 33. f4 Nh5 34. Ne2
b6 35. Qf2 Qg6 36. Bg2 Be8 37. Qe3 Bf7 38. Nf2 Bd8 39. Bh3 Qf6 40. Nd3 Ng7 41.
a4 Qa1+ 42. Qc1 Bf6 43. Qxa1 Bxa1 44. Kg1 Bh5 45. Kf2 Kf7 46. Bg2 Ne8 47. Bf3
Kg6 48. Ne1 Bxf3 49. Nxf3 Kh5 50. h3 Bf6 51. Ne1 Kg6 52. Ke3 Ng7 1/2-1/2

[Event "SR 2. liga A 2009/2010"]
[Site "?"]
[Date "2009.11.08"]
[Round "4.1"]
[White "Kovac, Andrej"]
[Black "Skreno, Vladimir"]
[Result "1-0"]
[WhiteElo "2109"]
[BlackElo "2175"]
[PlyCount "49"]
[EventDate "2009.??.??"]
[WhiteTeam "Slovakia"]
[BlackTeam "II"]
[WhiteTeamCountry "SVK"]
[BlackTeamCountry "SVK"]

1. d4 Nf6 2. c4 g6 3. Nc3 Bg7 4. g3 d6 5. Bg2 O-O 6. Nf3 c6 7. O-O Nbd7 8. e4
e5 9. h3 Re8 10. Re1 Qc7 11. Be3 h6 12. Qd2 Kh7 13. Rad1 Bf8 14. c5 dxc5 15.
dxe5 Nxe5 16. Nxe5 Qxe5 17. f4 Qc7 18. e5 Bf5 19. Kf2 Nd5 20. Bxd5 cxd5 21.
Nxd5 Qc6 22. Nf6+ Kg7 23. g4 Be6 24. f5 Bxa2 25. Bxh6+ 1-0

[Event "SR 2. liga A 2009/2010"]
[Site "?"]
[Date "2009.11.08"]
[Round "4.1"]
[White "Pacher, Milan"]
[Black "Tibensky, Robert"]
[Result "0-1"]
[WhiteElo "2366"]
[BlackElo "2401"]
[PlyCount "114"]
[EventDate "2009.??.??"]
[WhiteTeam "Slovakia"]
[BlackTeam "II"]
[WhiteTeamCountry "SVK"]
[BlackTeamCountry "SVK"]

1. e4 d6 2. d4 Nf6 3. Nc3 g6 4. Bc4 Bg7 5. Qe2 Nc6 6. e5 Nd7 7. Bxf7+ Kxf7 8.
e6+ Ke8 9. exd7+ Bxd7 10. Nf3 Bg4 11. d5 Nd4 12. Qd3 Bxf3 13. gxf3 Qd7 14. Ne2
Nxe2 15. Kxe2 Rf8 16. Be3 Rf5 17. h4 c6 18. c4 b5 19. cxb5 Rxd5 20. bxc6 Qxc6
21. Rac1 Qb7 22. Qe4 Qxb2+ 23. Kf1 Qe5 24. Qa4+ Kf8 25. Kg2 Kg8 26. Bg5 Rf8 27.
Rc7 Ra5 28. Qb3+ e6 29. Bd2 Rc5 30. Rxa7 Rb5 31. Qe3 Qf5 32. Bc3 Bh6 33. Qe4
Rc5 34. Be1 Qf6 35. Rh3 d5 36. Qd3 Rc4 37. h5 Rc1 38. hxg6 Rxe1 39. gxh7+ Kh8
40. Rg3 Bg5 41. Ra4 Qa1 42. f4 Rg1+ 43. Kh3 Rh1+ 44. Kg2 Rg1+ 45. Kh3 Rxg3+ 46.
fxg3 Qh1+ 47. Kg4 Bf6 48. Ra6 e5 49. fxe5 Bxe5 50. Ra5 Qh6 51. Rxd5 Qe6+ 52.
Kg5 Bf6+ 53. Kf4 Bh4+ 54. Rf5 Bxg3+ 55. Kg5 Bh4+ 56. Kf4 Qh6+ 57. Ke5 Bf6+ 0-1

[Event "SR 2. liga A 2009/2010"]
[Site "?"]
[Date "2009.11.08"]
[Round "4.1"]
[White "Polacik, Igor"]
[Black "Meszaros, Michal"]
[Result "1-0"]
[WhiteElo "2186"]
[BlackElo "2416"]
[PlyCount "81"]
[EventDate "2009.??.??"]
[WhiteTeam "Slovakia"]
[BlackTeam "II"]
[WhiteTeamCountry "SVK"]
[BlackTeamCountry "SVK"]

1. d4 Nf6 2. c4 g6 3. Nc3 Bg7 4. e4 d6 5. Be2 O-O 6. Bg5 Na6 7. h4 h6 8. Be3 e5
9. d5 Nc5 10. Qc2 a5 11. h5 g5 12. f3 g4 13. O-O-O Bd7 14. Bd3 Nh7 15. fxg4
Nxd3+ 16. Qxd3 Bxg4 17. Rf1 f5 18. exf5 Qd7 19. Nge2 Bxf5 20. Qd2 c6 21. Bxh6
cxd5 22. Nxd5 Qe6 23. Bxg7 Kxg7 24. Ng3 Bg4 25. b3 Rac8 26. Kb2 a4 27. Ne3 axb3
28. axb3 Kh8 29. Rxf8+ Rxf8 30. Rh4 Rf4 31. Nxg4 Rxg4 32. Rxg4 Qxg4 33. Qf2 Kg8
34. Qf3 Qd4+ 35. Kc2 Qa1 36. Qg4+ Kf8 37. Qf5+ Kg8 38. Qg6+ Kh8 39. Qe8+ Kg7
40. Nf5+ Kf6 41. Qg6# 1-0

[Event "SR 2. liga A 2009/2010"]
[Site "?"]
[Date "2009.11.08"]
[Round "4.1"]
[White "Varga, David"]
[Black "Arendas, Marek"]
[Result "1-0"]
[WhiteElo "2280"]
[BlackElo "2077"]
[PlyCount "67"]
[EventDate "2009.??.??"]
[WhiteTeam "Slovakia"]
[BlackTeam "II"]
[WhiteTeamCountry "SVK"]
[BlackTeamCountry "SVK"]

1. e4 c6 2. d4 d5 3. Nc3 dxe4 4. Nxe4 Bf5 5. Ng3 Bg6 6. h4 h6 7. Nf3 Nd7 8. Bd3
Bxd3 9. Qxd3 Ngf6 10. Bd2 e6 11. O-O-O Qc7 12. Ne4 Nxe4 13. Qxe4 Nf6 14. Qe2
O-O-O 15. g3 Bd6 16. c4 c5 17. Bc3 cxd4 18. Nxd4 a6 19. Nb3 Qc6 20. Rhe1 Bc7
21. Nd4 Qc5 22. Kb1 Ba5 23. Bxa5 Qxa5 24. c5 Kb8 25. c6 Qc5 26. Rc1 Qxd4 27.
c7+ Ka8 28. Red1 Qxd1 29. Rxd1 Rxd1+ 30. Qxd1 Nd5 31. Qc2 Rc8 32. Qh7 Rxc7 33.
Qxg7 Kb8 34. Qxh6 1-0

[Event "SR 2. liga A 2009/2010"]
[Site "?"]
[Date "2009.11.08"]
[Round "4.2"]
[White "Gasa, Andrej"]
[Black "Petrik, Stanislav"]
[Result "1/2-1/2"]
[WhiteElo "2220"]
[BlackElo "2183"]
[PlyCount "120"]
[EventDate "2009.??.??"]
[WhiteTeam "Slovakia"]
[BlackTeam "II"]
[WhiteTeamCountry "SVK"]
[BlackTeamCountry "SVK"]

1. e4 c5 2. Nf3 Nc6 3. d4 cxd4 4. Nxd4 g6 5. c4 Bg7 6. Be3 Nf6 7. Nc3 O-O 8.
Be2 e6 9. Bf3 Ne5 10. Be2 d5 11. cxd5 exd5 12. exd5 Nxd5 13. Nxd5 Qxd5 14. O-O
Nc4 15. Bxc4 Qxc4 16. Qc1 Qd5 17. Rd1 Bg4 18. f3 Rfc8 19. Qd2 Bd7 20. Nb3 Qxd2
21. Rxd2 Ba4 22. Nd4 b6 23. b3 Be8 24. Rad1 h6 25. Kf2 Kh7 26. Ne2 Bf6 27. Nd4
b5 28. Ne2 a5 29. Nf4 Bc3 30. Rd3 Be5 31. Nd5 Rc2+ 32. R3d2 Rac8 33. f4 Bg7 34.
Rxc2 Rxc2+ 35. Rd2 Rc8 36. g4 a4 37. f5 gxf5 38. gxf5 axb3 39. axb3 Be5 40. Bd4
Bxd4+ 41. Rxd4 h5 42. h4 Kg7 43. b4 Rc2+ 44. Ke3 Bc6 45. Ne7 Bg2 46. Nd5 Bh1
47. Nf4 Kf6 48. Nxh5+ Ke5 49. Ng3 Bd5 50. Rg4 Rb2 51. h5 Rh2 52. Rg8 Rh4 53.
Re8+ Kf6 54. Rd8 Bg2 55. Rd2 Bb7 56. Rd6+ Kg5 57. Rd7 Bc8 58. Rc7 Bxf5 59. Rc5
Rxb4 60. Nxf5 Kxh5 1/2-1/2

[Event "SR 2. liga A 2009/2010"]
[Site "?"]
[Date "2009.11.08"]
[Round "4.2"]
[White "Godula, Martin"]
[Black "Mydlarik, Martin"]
[Result "1/2-1/2"]
[WhiteElo "2179"]
[BlackElo "2169"]
[PlyCount "90"]
[EventDate "2009.??.??"]
[WhiteTeam "Slovakia"]
[BlackTeam "II"]
[WhiteTeamCountry "SVK"]
[BlackTeamCountry "SVK"]

1. e4 e6 2. d4 d5 3. Nd2 c5 4. exd5 Qxd5 5. Ngf3 cxd4 6. Bc4 Qd6 7. O-O Nf6 8.
Nb3 Nc6 9. Nbxd4 Nxd4 10. Nxd4 a6 11. c3 Qc7 12. Bb3 Bd6 13. g3 O-O 14. Bc2 b6
15. Bg5 Be7 16. Qd3 g6 17. Qe2 Bb7 18. Rfe1 Bd5 19. Qe5 Qxe5 20. Rxe5 Kg7 21.
Ree1 h6 22. Bf4 Nd7 23. Bb3 Bxb3 24. Nxb3 Rac8 25. Rad1 Rfd8 26. Kf1 b5 27. Bd6
Bf6 28. Bb4 Ne5 29. Nd4 Nc4 30. b3 Bxd4 31. cxd4 Nb6 32. Ba5 Rc6 33. Ke2 Rdc8
34. Bxb6 Rxb6 35. Rd2 Rd6 36. Red1 Rd5 37. f4 Kf6 38. Ke3 h5 39. Ke4 Ke7 40.
Re1 Rc3 41. Re3 Rc1 42. Ree2 Rc3 43. Re3 Rc7 44. Ree2 Rcd7 45. Rd3 Rc7 1/2-1/2

[Event "SR 2. liga A 2009/2010"]
[Site "?"]
[Date "2009.11.08"]
[Round "4.2"]
[White "Klemanic, Emil"]
[Black "Kleman, Miroslav"]
[Result "1/2-1/2"]
[WhiteElo "2258"]
[BlackElo "2222"]
[PlyCount "102"]
[EventDate "2009.??.??"]
[WhiteTeam "Slovakia"]
[BlackTeam "II"]
[WhiteTeamCountry "SVK"]
[BlackTeamCountry "SVK"]

1. e4 d5 2. exd5 Qxd5 3. Nc3 Qa5 4. d4 Nf6 5. Bd2 a6 6. Bc4 Qb6 7. Nf3 Nc6 8.
d5 Ng4 9. Qe2 Nd4 10. Nxd4 Qxd4 11. h3 Nf6 12. O-O-O b5 13. Bb3 Bd7 14. Bg5 Qb6
15. d6 cxd6 16. Bxf6 gxf6 17. Nd5 Qc5 18. Nxf6+ Kd8 19. Nxd7 Kxd7 20. Bxf7 Qg5+
21. Kb1 Qf6 22. Bd5 Bg7 23. c3 Rac8 24. Bb7 Rc5 25. Rhe1 Rb8 26. Bd5 b4 27.
Qe6+ Qxe6 28. Bxe6+ Kc6 29. cxb4 Rxb4 30. b3 a5 31. Rc1 Rf4 32. Rxc5+ Kxc5 33.
f3 Bf6 34. Kc2 Kb4 35. Re3 Bd4 36. Rd3 Kc5 37. a3 Be5 38. Rd5+ Kb6 39. Bd7 Rf8
40. a4 Rg8 41. g4 Rf8 42. Rb5+ Kc7 43. Bf5 e6 44. Bxe6 Rxf3 45. h4 Rc3+ 46. Kd2
Rc5 47. Bf5 h6 48. Ke3 Bg3 49. Rxc5+ dxc5 50. h5 Bh4 51. Ke4 Kb6 1/2-1/2

[Event "SR 2. liga A 2009/2010"]
[Site "?"]
[Date "2009.11.08"]
[Round "4.2"]
[White "Kozinka, Roman"]
[Black "Bezuch, Martin"]
[Result "0-1"]
[WhiteElo "2044"]
[BlackElo "2203"]
[PlyCount "58"]
[EventDate "2009.??.??"]
[WhiteTeam "Slovakia"]
[BlackTeam "II"]
[WhiteTeamCountry "SVK"]
[BlackTeamCountry "SVK"]

1. e4 e5 2. Nf3 Nc6 3. Bb5 a6 4. Ba4 Nf6 5. O-O b5 6. Bb3 Be7 7. Re1 d6 8. c3
O-O 9. h3 Bb7 10. d4 Re8 11. Ng5 Rf8 12. Nf3 h6 13. Nbd2 Re8 14. Nf1 Bf8 15.
Ng3 exd4 16. cxd4 a5 17. a4 Nb4 18. e5 dxe5 19. Nxe5 Bd5 20. axb5 Bxb3 21. Qxb3
Qd5 22. Qc3 Bd6 23. Nf5 Ne4 24. Qf3 Bxe5 25. dxe5 Rxe5 26. Bf4 Rxf5 27. Rad1
Ng5 28. Qxd5 Rxd5 29. Bxc7 Rxb5 0-1

[Event "SR 2. liga A 2009/2010"]
[Site "?"]
[Date "2009.11.08"]
[Round "4.2"]
[White "Puchart, Vladimir"]
[Black "Petenyi, Tamas"]
[Result "0-1"]
[WhiteElo "2047"]
[BlackElo "2261"]
[PlyCount "76"]
[EventDate "2009.??.??"]
[WhiteTeam "Slovakia"]
[BlackTeam "II"]
[WhiteTeamCountry "SVK"]
[BlackTeamCountry "SVK"]

1. d4 Nf6 2. c4 e6 3. Nf3 b6 4. g3 Ba6 5. b3 Bb4+ 6. Bd2 Be7 7. Bg2 c6 8. Ne5
d5 9. cxd5 cxd5 10. Nc3 O-O 11. O-O Nfd7 12. Nf3 Nc6 13. a4 Bb7 14. Bf4 a6 15.
e4 dxe4 16. Nxe4 Nb4 17. Ne5 Nxe5 18. Bxe5 Bd5 19. Rc1 Rc8 20. Rxc8 Qxc8 21.
Nd6 Qd7 22. Nc4 Bxg2 23. Kxg2 Nd5 24. Qg4 f6 25. Bf4 b5 26. Bh6 Rf7 27. Nd2 f5
28. Qh5 gxh6 29. Nf3 Bf6 30. Re1 Bg7 31. Kg1 Nf6 32. Qh4 Ne4 33. Rc1 Bxd4 34.
Qxh6 Bg7 35. Qh4 Qa7 36. Rc2 Qd7 37. Rc1 Bb2 38. Re1 Qd3 0-1

[Event "SR 2. liga A 2009/2010"]
[Site "?"]
[Date "2009.11.08"]
[Round "4.3"]
[White "Jablonicky, Frantisek"]
[Black "Sturdik, Igor"]
[Result "0-1"]
[WhiteElo "2222"]
[BlackElo "2047"]
[PlyCount "80"]
[EventDate "2009.??.??"]
[WhiteTeam "Slovakia"]
[BlackTeam "II"]
[WhiteTeamCountry "SVK"]
[BlackTeamCountry "SVK"]

1. Nf3 Nf6 2. d4 g6 3. c4 Bg7 4. g3 O-O 5. Bg2 d6 6. Nc3 Nbd7 7. O-O e5 8. h3
Re8 9. b3 c6 10. e3 e4 11. Nd2 d5 12. Qc2 Nf8 13. a4 Be6 14. Ba3 Qd7 15. Kh2
Nh5 16. Rfc1 Rec8 17. Qb2 f5 18. Rc2 g5 19. Rac1 f4 20. cxd5 cxd5 21. Nb5 Rxc2
22. Qxc2 a6 23. Nd6 Ng6 24. Qc7 fxg3+ 25. fxg3 Bf8 26. Qxd7 Bxd7 27. Rc7 Bxd6
28. Bxd6 Bc6 29. Bf1 Ng7 30. h4 Ne8 31. h5 Nxc7 32. hxg6 Ne8 33. gxh7+ Kxh7 34.
Be5 Bd7 35. Bh3 Bxh3 36. Kxh3 Rc8 37. b4 Rc3 38. b5 axb5 39. axb5 Rxe3 40. b6
Rd3 0-1

[Event "SR 2. liga A 2009/2010"]
[Site "?"]
[Date "2009.11.08"]
[Round "4.3"]
[White "Janos, Jozef"]
[Black "Varholakova, Niki"]
[Result "0-1"]
[WhiteElo "2275"]
[BlackElo "2159"]
[PlyCount "108"]
[EventDate "2009.??.??"]
[WhiteTeam "Slovakia"]
[BlackTeam "II"]
[WhiteTeamCountry "SVK"]
[BlackTeamCountry "SVK"]

1. d4 d5 2. Nf3 Nf6 3. Bf4 c6 4. e3 Bg4 5. Nbd2 e6 6. Bd3 Bd6 7. Bxd6 Qxd6 8.
c4 Nbd7 9. O-O O-O 10. c5 Qc7 11. b4 e5 12. Be2 e4 13. Ne1 h5 14. Nb3 Rae8 15.
Rc1 Re6 16. Rc3 Rfe8 17. a4 Nf8 18. Nc2 Ng6 19. f3 exf3 20. gxf3 Bh3 21. Rf2
Qe7 22. Bf1 Bf5 23. Bd3 Bxd3 24. Qxd3 Nh4 25. Nd2 Nh7 26. Qf1 Rg6+ 27. Kh1 Ng5
28. b5 Qe6 29. Ne1 Nh3 30. Rg2 Nxg2 31. Nxg2 Qd7 32. Qe2 Qc7 33. Ra3 Nf4 34.
Nxf4 Qxf4 35. Qf2 Qf5 36. Rc3 h4 37. Qxh4 Rh6 38. Qf2 Ree6 39. bxc6 bxc6 40.
Nf1 Qb1 41. Kg2 Re8 42. Qc2 Qe1 43. Rb3 Qh4 44. Qf2 Rg6+ 45. Ng3 Rge6 46. Qd2
Qg5 47. Kf2 Rh6 48. Kg2 Qh4 49. Kg1 Rhe6 50. Kg2 Qh6 51. f4 Qh7 52. Kf3 Qh3 53.
f5 Rf6 54. Qg2 Rxf5+ 0-1

[Event "SR 2. liga A 2009/2010"]
[Site "?"]
[Date "2009.11.08"]
[Round "4.3"]
[White "Janos, Martin"]
[Black "Liptak, Tomas"]
[Result "1-0"]
[WhiteElo "2192"]
[BlackElo "2036"]
[PlyCount "41"]
[EventDate "2009.??.??"]
[WhiteTeam "Slovakia"]
[BlackTeam "II"]
[WhiteTeamCountry "SVK"]
[BlackTeamCountry "SVK"]

1. e4 c5 2. Nc3 a6 3. f4 Nc6 4. Nf3 d6 5. Be2 Nf6 6. O-O b5 7. d3 g6 8. Kh1 Bg7
9. Qe1 O-O 10. Qh4 e6 11. Bd2 d5 12. f5 d4 13. e5 Nxe5 14. Nxe5 dxc3 15. fxg6
fxg6 16. bxc3 Nd5 17. Bg5 Bf6 18. Rxf6 Nxf6 19. Ng4 Qc7 20. Nxf6+ Kh8 21. Bf4
1-0

[Event "SR 2. liga A 2009/2010"]
[Site "?"]
[Date "2009.11.08"]
[Round "4.3"]
[White "Kralovic, Andrej"]
[Black "Hertel, Ondrej"]
[Result "1/2-1/2"]
[WhiteElo "2156"]
[BlackElo "2051"]
[PlyCount "99"]
[EventDate "2009.??.??"]
[WhiteTeam "Slovakia"]
[BlackTeam "II"]
[WhiteTeamCountry "SVK"]
[BlackTeamCountry "SVK"]

1. e4 c6 2. d4 d5 3. exd5 cxd5 4. Nf3 Nf6 5. c3 Bf5 6. Bf4 Nc6 7. Qb3 Qb6 8.
Qxb6 axb6 9. Na3 e6 10. Nb5 Kd7 11. Ne5+ Nxe5 12. Bxe5 Ne8 13. Kd2 f6 14. Bg3
Nd6 15. Nxd6 Bxd6 16. Bb5+ Ke7 17. Rhe1 Rhd8 18. Re3 Bxg3 19. hxg3 Rd6 20. g4
Be4 21. f3 Bg6 22. a3 Kf7 23. Rae1 h6 24. f4 Be4 25. Bd3 f5 26. Rg3 g6 27. Rh1
Rh8 28. Ke3 Rdd8 29. Rh2 h5 30. gxh5 Rxh5 31. Rxh5 gxh5 32. Be2 Rh8 33. Rg5 h4
34. Kf2 b5 35. Rh5 Rg8 36. Rh7+ Kf6 37. Rh6+ Ke7 38. Bf3 b4 39. axb4 Ra8 40.
Rh7+ Kd6 41. Be2 Kc6 42. b5+ Kd6 43. Bh5 Rg8 44. Bf3 Ra8 45. Rxb7 Ra2 46. Bxe4
fxe4 47. Rh7 Rxb2+ 48. Kf1 Rb1+ 49. Ke2 Rb2+ 50. Kf1 1/2-1/2

[Event "SR 2. liga A 2009/2010"]
[Site "?"]
[Date "2009.11.08"]
[Round "4.3"]
[White "Kundrak, Vladimir"]
[Black "Matulik, Daniel"]
[Result "1/2-1/2"]
[WhiteElo "1936"]
[BlackElo "2154"]
[PlyCount "33"]
[EventDate "2009.??.??"]
[WhiteTeam "Slovakia"]
[BlackTeam "II"]
[WhiteTeamCountry "SVK"]
[BlackTeamCountry "SVK"]

1. e4 Nf6 2. e5 Nd5 3. d4 d6 4. Nf3 Nc6 5. h3 Bf5 6. exd6 cxd6 7. c3 e6 8. Bd3
Bxd3 9. Qxd3 Be7 10. O-O O-O 11. Re1 a6 12. a4 Nf6 13. Bf4 Rc8 14. Nbd2 d5 15.
Ne5 Nxe5 16. Bxe5 Bd6 17. Nf3 1/2-1/2

[Event "SR 2. liga A 2009/2010"]
[Site "?"]
[Date "2009.11.08"]
[Round "4.3"]
[White "Petrik, Karol"]
[Black "Pagerka, Martin"]
[Result "1/2-1/2"]
[WhiteElo "2181"]
[BlackElo "2097"]
[PlyCount "88"]
[EventDate "2009.??.??"]
[WhiteTeam "Slovakia"]
[BlackTeam "II"]
[WhiteTeamCountry "SVK"]
[BlackTeamCountry "SVK"]

1. d4 Nf6 2. g3 d5 3. Bg2 c6 4. Nf3 Bg4 5. Ne5 h5 6. Nxg4 hxg4 7. h4 Nbd7 8.
O-O e6 9. b3 Bd6 10. Nc3 b5 11. Qd3 a6 12. e4 b4 13. Ne2 dxe4 14. Bxe4 Nd5 15.
c4 bxc3 16. Nxc3 N7f6 17. Bg2 Qb6 18. Ne4 Nxe4 19. Qxe4 O-O 20. Bb2 Rae8 21.
Qxg4 f5 22. Qe2 f4 23. Rae1 e5 24. Bxd5+ cxd5 25. dxe5 fxg3 26. Kg2 gxf2 27.
Rxf2 Bc5 28. Rxf8+ Rxf8 29. Rf1 Qg6+ 30. Kh2 Rxf1 31. Qxf1 Qg4 32. Qe1 d4 33.
Bc1 d3 34. Bd2 Be7 35. Qe3 Qxh4+ 36. Kg2 Qg4+ 37. Kh2 Qh5+ 38. Kg2 Qg4+ 39. Qg3
Qe4+ 40. Qf3 Qxe5 41. Qxd3 Bd6 42. Qe3 Qd5+ 43. Kf1 Bc5 44. Qf4 Qd3+ 1/2-1/2

[Event "SR 2. liga A 2009/2010"]
[Site "?"]
[Date "2009.11.08"]
[Round "4.4"]
[White "Bukovsky, Milan"]
[Black "Lehocky, Viktor"]
[Result "0-1"]
[WhiteElo "2017"]
[BlackElo "2095"]
[PlyCount "82"]
[EventDate "2009.??.??"]
[WhiteTeam "Slovakia"]
[BlackTeam "II"]
[WhiteTeamCountry "SVK"]
[BlackTeamCountry "SVK"]

1. c4 Nf6 2. Nc3 g6 3. e4 d6 4. d4 Bg7 5. f3 O-O 6. Bg5 c6 7. Qd2 a6 8. a4 Qa5
9. Ra3 e5 10. d5 cxd5 11. cxd5 Nbd7 12. Nge2 Nc5 13. Na2 Qxd2+ 14. Kxd2 Nfxe4+
15. Ke1 Nxg5 16. b4 Nge6 17. bxc5 Nxc5 18. Nec3 f5 19. Bc4 Bd7 20. Ke2 Rac8 21.
Bd3 e4 22. Bb1 exf3+ 23. Kxf3 Rfe8 24. Nb4 Bxc3 25. Rxc3 Nxa4 26. Rxc8 Rxc8 27.
Re1 Kf7 28. Nd3 Nc3 29. Bc2 Ne4 30. Bd1 Rc3 31. Re3 g5 32. g3 Kf6 33. h4 g4+
34. Kf4 Rc4 35. Nb2 Rb4 36. Rb3 Rxb3 37. Bxb3 Bb5 38. Bc2 Nc3 39. Bxf5 Nxd5+
40. Ke4 Nc3+ 41. Kf4 Ne2+ 0-1

[Event "SR 2. liga A 2009/2010"]
[Site "?"]
[Date "2009.11.08"]
[Round "4.4"]
[White "Hartl, Jan"]
[Black "Tepper, Frantisek"]
[Result "1/2-1/2"]
[WhiteElo "2131"]
[BlackElo "2169"]
[PlyCount "26"]
[EventDate "2009.??.??"]
[WhiteTeam "Slovakia"]
[BlackTeam "II"]
[WhiteTeamCountry "SVK"]
[BlackTeamCountry "SVK"]

1. e4 e5 2. Nf3 Nf6 3. Nc3 Bb4 4. Bc4 d6 5. Qe2 O-O 6. h3 c6 7. Bb3 Nbd7 8. a3
Ba5 9. Ba2 Bc7 10. O-O h6 11. d4 Re8 12. dxe5 dxe5 13. Be3 Bb6 1/2-1/2

[Event "SR 2. liga A 2009/2010"]
[Site "?"]
[Date "2009.11.08"]
[Round "4.4"]
[White "Lopatievov, Alexander"]
[Black "Peitl, Tomas"]
[Result "0-1"]
[WhiteElo "2041"]
[BlackElo "2175"]
[PlyCount "52"]
[EventDate "2009.??.??"]
[WhiteTeam "Slovakia"]
[BlackTeam "II"]
[WhiteTeamCountry "SVK"]
[BlackTeamCountry "SVK"]

1. c4 Nf6 2. Nc3 c6 3. e4 e5 4. d4 Bb4 5. f3 d6 6. a3 Bxc3+ 7. bxc3 c5 8. dxe5
dxe5 9. Qxd8+ Kxd8 10. Bg5 Ke7 11. Ne2 Nc6 12. Nc1 Be6 13. Nb3 b6 14. a4 h6 15.
Be3 Ne8 16. a5 Nd6 17. Nxc5 bxc5 18. Bxc5 Rhd8 19. Be2 Kd7 20. Ra4 Rab8 21. O-O
Rb2 22. Re1 Kc7 23. Ba3 Rc2 24. c5 Nc8 25. Bb4 Rdd2 26. Kf1 Rxe2 0-1

[Event "SR 2. liga A 2009/2010"]
[Site "?"]
[Date "2009.11.08"]
[Round "4.4"]
[White "Mihalik, Marek"]
[Black "Sustak, Roman"]
[Result "1-0"]
[WhiteElo "2090"]
[BlackElo "1923"]
[PlyCount "49"]
[EventDate "2009.??.??"]
[WhiteTeam "Slovakia"]
[BlackTeam "II"]
[WhiteTeamCountry "SVK"]
[BlackTeamCountry "SVK"]

1. d4 d5 2. c4 e6 3. Nc3 Nf6 4. Bg5 Be7 5. e3 O-O 6. Nf3 Nbd7 7. Rc1 a6 8. a3
b6 9. cxd5 exd5 10. Bd3 h6 11. Bh4 g5 12. Bg3 c5 13. O-O Bb7 14. Bf5 Nh5 15.
Na4 Bc6 16. Ne5 Nxe5 17. Qxh5 Ng6 18. Bxg6 Bxa4 19. Bb1 Kg7 20. dxc5 Bf6 21. b4
bxc5 22. Rxc5 Rc8 23. Qf3 Bb5 24. Rd1 Qe7 25. Qf5 1-0

[Event "SR 2. liga A 2009/2010"]
[Site "?"]
[Date "2009.11.08"]
[Round "4.4"]
[White "Peska, Juraj"]
[Black "Bury, Rastislav"]
[Result "1/2-1/2"]
[WhiteElo "1959"]
[BlackElo "2066"]
[PlyCount "34"]
[EventDate "2009.??.??"]
[WhiteTeam "Slovakia"]
[BlackTeam "II"]
[WhiteTeamCountry "SVK"]
[BlackTeamCountry "SVK"]

1. c4 Nf6 2. Nc3 g6 3. g3 Bg7 4. Bg2 O-O 5. Nf3 d6 6. d3 Nc6 7. O-O Rb8 8. Bd2
a6 9. a4 Bg4 10. h3 Bd7 11. Qc1 Re8 12. Rb1 e5 13. Ng5 Nd4 14. b3 Bc6 15. e3
Bxg2 16. Kxg2 Ne6 17. Nxe6 fxe6 1/2-1/2

[Event "SR 2. liga A 2009/2010"]
[Site "?"]
[Date "2009.11.08"]
[Round "4.4"]
[White "Polasek, Filip"]
[Black "Biro, Karol"]
[Result "1-0"]
[WhiteElo "2072"]
[BlackElo "2166"]
[PlyCount "51"]
[EventDate "2009.??.??"]
[WhiteTeam "Slovakia"]
[BlackTeam "II"]
[WhiteTeamCountry "SVK"]
[BlackTeamCountry "SVK"]

1. e4 e5 2. Nf3 Nc6 3. Nc3 d6 4. Bb5 a6 5. Bxc6+ bxc6 6. d4 exd4 7. Nxd4 Bd7 8.
O-O Be7 9. f4 Nf6 10. e5 Nd5 11. Qf3 Nxc3 12. bxc3 d5 13. f5 c5 14. f6 gxf6 15.
exf6 cxd4 16. fxe7 Qxe7 17. Bf4 Be6 18. cxd4 Qb4 19. c3 Qc4 20. Rab1 Kd7 21.
Rb4 Qxa2 22. Bxc7 Kxc7 23. Rfb1 Qa5 24. c4 Rhd8 25. Qg3+ Kc8 26. cxd5 {time}
1-0

[Event "SR 2. liga A 2009/2010"]
[Site "?"]
[Date "2009.11.08"]
[Round "4.5"]
[White "Gettler, Daniel"]
[Black "Gajarsky, Roman"]
[Result "1-0"]
[WhiteElo "1950"]
[BlackElo "1921"]
[PlyCount "89"]
[EventDate "2009.??.??"]
[WhiteTeam "Slovakia"]
[BlackTeam "II"]
[WhiteTeamCountry "SVK"]
[BlackTeamCountry "SVK"]

1. f4 d5 2. Nf3 c5 3. g3 e6 4. Bg2 Nc6 5. O-O f5 6. d3 Nf6 7. c3 Be7 8. Qe1 Qb6
9. h3 h6 10. Nbd2 c4+ 11. Kh1 cxd3 12. exd3 Nh7 13. Nb3 g5 14. Be3 Qc7 15. Qd2
g4 16. Nfd4 gxh3 17. Bxh3 Nf6 18. Bf2 a6 19. Rae1 Kf7 20. Qe2 Nxd4 21. Nxd4 Qd6
22. b4 Bd7 23. Nxf5 exf5 24. Bc5 Qc6 25. Qxe7+ Kg6 26. Re5 b6 27. g4 Rh7 28.
gxf5+ Kh5 29. Qd6 bxc5 30. Qxc6 Bxc6 31. Re6 Bb7 32. Rxf6 cxb4 33. cxb4 Rg8 34.
Bg2 Rxg2 35. Kxg2 Rg7+ 36. Rg6 Rxg6+ 37. fxg6 Kxg6 38. Kg3 Bc6 39. Re1 Bb5 40.
d4 Bc4 41. a4 Bd3 42. Re6+ Kg7 43. Rd6 Bc4 44. f5 Bb3 45. Rxa6 1-0

[Event "SR 2. liga A 2009/2010"]
[Site "?"]
[Date "2009.11.08"]
[Round "4.5"]
[White "Magyar, Frantisek"]
[Black "Vach, Pavol"]
[Result "0-1"]
[WhiteElo "2018"]
[BlackElo "2098"]
[PlyCount "60"]
[EventDate "2009.??.??"]
[WhiteTeam "Slovakia"]
[BlackTeam "II"]
[WhiteTeamCountry "SVK"]
[BlackTeamCountry "SVK"]

1. d4 e6 2. c4 d5 3. Nc3 Nf6 4. Bg5 Be7 5. Nf3 O-O 6. e3 c5 7. cxd5 cxd4 8.
Nxd4 exd5 9. Be2 Nc6 10. O-O h6 11. Bh4 Qb6 12. Bxf6 Bxf6 13. Nxd5 Qxb2 14.
Nxf6+ gxf6 15. Nxc6 bxc6 16. Bf3 Ba6 17. Qc1 Qe5 18. Rd1 Rad8 19. Qxc6 Bb5 20.
Qe4 Qxe4 21. Bxe4 Be2 22. Rd5 Bc4 23. Rxd8 Rxd8 24. g3 Rd2 25. a3 a5 26. Rc1
Bb3 27. Rc8+ Kg7 28. Ra8 a4 29. Bc6 Ra2 30. Bxa4 Ra1+ 0-1